00450nam a2200181Ia 4500003000900000008004100009040001300050040001300063041000800076245004900084250001300133260003700146260000900183300001100192300001200203490000600215710004700221IT-RoPAU120407s9999 xx 000 0 und d aIT-RoPAU cIT-RoPAU aita aL’Afrique et ses formes de vie spirituelle aKinshasa aFaculté Catholique de Kinshasa c1990 a408 p. c23,5 cm v1 aCentre d’Etudes des Religions Africaines